| 000 | 02625nam a2200469 a 4500 | ||
|---|---|---|---|
| 001 | 000013291 | ||
| 003 | DO-SdBNP | ||
| 005 | 20180313123824.0 | ||
| 007 | 000013291 | ||
| 008 | 091123s 2001 dr abc 000 0 spa d | ||
| 020 | _a8482613502 | ||
| 020 | _a8482613545 | ||
| 040 |
_aBPMSU _bspa _cBPMSU |
||
| 082 | 0 | 4 |
_a373.6561 _bG216L 1ro. 2001 |
| 100 | 1 | _aGarcía Cartagena, Manuel | |
| 245 | 1 | 0 |
_aLengua y literatura 1 : _beducación media / _cManuel García Cartagena, Manuel ; dirección editorial Obdulia García de Escobar ; ilustración Ruddy Núñez. |
| 260 |
_aSanto Domingo : _bSantillana, _c2001. |
||
| 300 |
_a279 p. : _bil., mapas., retrs. ; _c28 cm. |
||
| 490 | 1 | _aUmbral | |
| 500 | _aPrimero de bachillerato. 1er. curso/ Primer ciclo | ||
| 500 | _aLa biblioteca posee el libro para el profesor | ||
| 505 | 1 |
_tProcedimientos y prácticas de producción textual -- _t Análisis y estudio de la comunicación -- _tEstudio de la lengua -- _t Literatura dominicana (siglo XVI-XIX) conectada con literatura española (siglos XIII-XIX). |
|
| 505 | 1 |
_tLa mecánica narrativa -- _tLa mecánica expositiva -- _tCuenta con tus amigos y amigas -- _tNuestro universo americano -- _tNuestro tesoro: la salud -- _tProyecto 1. Tras los pasos de Don Quijote -- _tMecánica argumentativa -- _tLa mecánica prescriptiva -- _tEl valor de la vida -- _tLa alegría del trabajo -- _tVivamos a ciencia cierta -- _tLa mecánica persuasiva -- _tLa mecánica descriptiva -- _tEl arte de ser dominicanos -- _tCreando, creemos; creyendo, creamos... -- _tJuntos vivamos mejor -- _tProyecto 2. Una lengua viva: el español en República Dominicana -- _tLa mecánica del párrafo -- _tLa mecánica del comentario -- _tConstruyamos nuestro futuro trabajando -- _tLa Salud no es cosa de juego -- _tEl mundo cabe en tu corazón -- |
|
| 650 | 4 |
_aESPAÑOL _xENSEÑANZA SECUNDARIA |
|
| 650 | 4 |
_aESPAÑOL _xEDUCACIÓN SECUNDARIA |
|
| 650 | 4 |
_aEDUCACIÓN SECUNDARIA _zREPÚBLICA DOMINICANA |
|
| 650 | 4 |
_aESPAÑOL _xESTUDIOS Y EJERCICIOS |
|
| 650 | 4 |
_aESPAÑOL _xLIBROS DE TEXTOS |
|
| 650 | 4 |
_aLITERATURA _xENSEÑANZA SECUNDARIA |
|
| 650 | 4 |
_aLITERATURA _xLIBROS DE TEXTOS |
|
| 650 | 4 |
_aLITERATURA _xESTUDIOS Y EJERCICIOS |
|
| 700 | 1 | 2 |
_aGarcía de Escobar, Obdulia, _eed. |
| 700 | 1 | 2 |
_aNúñez, Ruddy, _eil. |
| 830 | 0 | _aUmbral | |
| 910 | _aValidado. Control de calidad MFF | ||
| 942 |
_2ddc _cBK |
||
| 945 | _aInventariado, 2018 /LP | ||
| 956 |
_aJPARRA _b10 _c20091123 _lBND01 _h1157 |
||
| 956 |
_aBTAVAREZ _b10 _c20100817 _lBND01 _h1112 |
||
| 956 |
_aVMATEO _b10 _c20150730 _lBPMSU _h00151 |
||
| 956 |
_aLOPEREZ _b10 _c20160425 _lBPMSU _h00041 |
||
| 999 |
_c8030 _d8030 |
||